States that Take the Longest to Drive: East-West - Statistics

General Stats
  • This quiz has been taken 40 times
  • The average score is 11 of 12
Answer Stats
State Time % Correct
Alaska 39h
100%
Texas 13h 31m
100%
Tennessee 8h 30m
94%
Montana 11h 40m
91%
Florida 9h 18m
88%
Oklahoma 8h 29m
88%
California 14h 30m
85%
New York 8h 35m
85%
North Carolina 9h 15m
85%
Oregon 11h 17m
85%
Michigan 9h 28m
79%
Virginia 9h 41m
79%
No matching quizzes found
Score Distribution
Percent of People with Each Score
Percentile by Number Answered
Your Score History
You have not taken this quiz